000 01099nam a2200325 i 4500
001 000042159
003 DO-SdBNP
005 20240703113934.0
007 ta
008 100215s2013 dr ab 000 0 spa d
020 _z9789945162998
040 _aDO-SdBNP
_bspa
_cBNPHU
_erda
082 4 _a101
_bJ58m 2013
_222
100 1 _aJesús Ulerio, Luis Felipe de,
_d1970-
_91334
_eautor
245 1 0 _aManual de introducción a la filosofía /
_cLuis F. de Jesús Ulerio, Héctor A. Valera, Eduardo R. Rivas.
250 _a5a edición
264 _aSanto Domingo :
_bBúho,
_c2013.
300 _a143 páginas :
_bilustraciones ;
_c23 cm.
336 _2rdacontent
_atexto
_btxt
337 _2rdamedia
_asin mediación
_bn
338 _2rdacarrier
_avolumen
_bnc
504 _aBibliografía : páginas 141-143
590 _aInventariado, 2018 /LP
650 4 _aFilosofía
_xEnseñanza
_9527
650 4 _aFilosofía
_xLibros de texto
_91214
700 1 2 _aValera, Héctor A.
_916400
_eautor
700 1 2 _aRivas, Eduardo R.
_916401
_eautor
910 _aValidado. Control de calidad MFF
942 _2ddc
_cLBS1
999 _c41648
_d41648